• 首页
  • 本馆介绍
  • 公告通知
  • 最新文献
  • 馆藏检索
  • 电子资源
  • 读者导购
  • 参考咨询
  • 我的图书馆
  • 登录
  • 详细信息显示
  • 放入我的书架
  • 预约/预借图书
  • 作者相关作品
  • 分类相关作品
  • 丛书相关作品
  • 出版社相关作品

书目信息

  • 表格格式
  • 工作单格式
  • 卡片格式
题名:
六位对数表
    
 
作者: 薛仲三 编
分册:  
出版信息: 北京   科学出版社  1975
页数: 281页
开本: 26cm
丛书名:
单 册:
中图分类: O1-64
科图分类:
主题词: 对数表-数学表 , 数学表-对数表
电子资源:
ISBN:
000 00660nam0 2200253 45
001 0175003050
005 20040521111638.7
010    @b精装@dCNY2.65
091    @a13031.194
100    @a19950927d1975 em y0chiy0121 ea
101 0  @achi
102    @aCN@b110000
105    @ak o 000yy
106    @ar
200 10 @a六位对数表@Aliu wei dui shu biao@f薛仲三编
210    @a北京@c科学出版社@d1975
215    @a281页@d26cm
606    @a对数表-数学表
606    @a数学表-对数表
690    @aO1-64@v3
701  0 @a薛仲三@Axue zhong san@4编
801  0 @aCN@b广东省中山图书馆@c20040521
801  2 @aCN@bNLC@c20040521
905    @f1@b8545@f1@b8543@dO1-64@e22
    
    六位对数表/薛仲三编.-北京:科学出版社,1975
    281页;26cm
    
    
    ISBN (精装):CNY2.65
    
●
相关链接 在E读中查询图书 在五车中查询图书 在当当中查询图书 在豆瓣中查询图书


正题名:六位对数表     索取号:O1-64/22         预约/预借

序号 登录号 条形码 馆藏地/架位号 状态 备注
1 0008543   001234319   密集书库/ [索取号:O1-64/22] 在馆    
2 0008544   202286374   密集书库/ [索取号:O1-64/22] 在馆    
3 0008545   001234300   密集书库/ [索取号:O1-64/22] 在馆    
唐山师范学院图书馆 欢迎您!
大连网信软件有限公司© 版权所有